<?xml version="1.0" encoding="UTF-8"?>
<collection xmlns="http://www.loc.gov/MARC21/slim">
<record>
  <controlfield tag="001">147270</controlfield>
  <controlfield tag="005">20241216115436.0</controlfield>
  <datafield tag="024" ind1="7" ind2=" ">
    <subfield code="2">doi</subfield>
    <subfield code="a">10.22429/Euc2020.sep.03.05</subfield>
  </datafield>
  <datafield tag="024" ind1="8" ind2=" ">
    <subfield code="2">sideral</subfield>
    <subfield code="a">141043</subfield>
  </datafield>
  <datafield tag="037" ind1=" " ind2=" ">
    <subfield code="a">ART-2020-141043</subfield>
  </datafield>
  <datafield tag="041" ind1=" " ind2=" ">
    <subfield code="a">spa</subfield>
  </datafield>
  <datafield tag="100" ind1=" " ind2=" ">
    <subfield code="a">Criado Mainar, Jesús</subfield>
    <subfield code="u">Universidad de Zaragoza</subfield>
    <subfield code="0">(orcid)0000-0001-8328-1642</subfield>
  </datafield>
  <datafield tag="245" ind1=" " ind2=" ">
    <subfield code="a">Jerónimo Nogueras, escultor y architector. Un artista giróvago del Renacimiento español</subfield>
  </datafield>
  <datafield tag="260" ind1=" " ind2=" ">
    <subfield code="c">2020</subfield>
  </datafield>
  <datafield tag="520" ind1="3" ind2=" ">
    <subfield code="a">El aragonés Jerónimo Nogueras (nac. 1534, doc. 1554/55-1597/98) fue un escultor polifacético, formado probablemente entre Cuenca y Sigüenza, que transitó por un territorio geográfico muy extenso entre Aragón y León. Junto a su movilidad, llama la atención su capacidad de adaptación a encargos de naturaleza muy variada y su fidelidad a un lenguaje plástico algo arcaizante, fundado en la escultura de mediados del siglo XVI y sin apenas evolución hacia los postulados romanistas. La insistencia de las fuentes a la hora de calificarlo como “architector” subraya su formación inicial como entallador, pero también su capacidad para trazar y coordinar

The Aragonese Jerónimo Nogueras (born in 1534, act. 1554/55-1597/98) was a multifaceted sculptor, probably formed between Cuenca and Sigüenza, who traveled through a very extensive geographical territory between Aragón and León. Along with its mobility, its ability to adapt to commissions of a very varied nature and its fidelity to a somewhat archaic plastic language, based on sculpture from the mid-16th century and with hardly any evolution towards Romanist postulates, is striking. The insistence or the sources when it comes to qualifying him as an “architector” underlines his initial training as a carver, but also his ability to draw an coordinate.</subfield>
  </datafield>
  <datafield tag="506" ind1="0" ind2=" ">
    <subfield code="a">Access copy available to the general public</subfield>
    <subfield code="f">Unrestricted</subfield>
  </datafield>
  <datafield tag="540" ind1=" " ind2=" ">
    <subfield code="9">info:eu-repo/semantics/openAccess</subfield>
    <subfield code="a">by-nc-nd</subfield>
    <subfield code="u">http://creativecommons.org/licenses/by-nc-nd/3.0/es/</subfield>
  </datafield>
  <datafield tag="655" ind1=" " ind2="4">
    <subfield code="a">info:eu-repo/semantics/article</subfield>
    <subfield code="v">info:eu-repo/semantics/publishedVersion</subfield>
  </datafield>
  <datafield tag="710" ind1="2" ind2=" ">
    <subfield code="1">3007</subfield>
    <subfield code="2">465</subfield>
    <subfield code="a">Universidad de Zaragoza</subfield>
    <subfield code="b">Dpto. Historia del Arte</subfield>
    <subfield code="c">Área Historia del Arte</subfield>
  </datafield>
  <datafield tag="773" ind1=" " ind2=" ">
    <subfield code="g">3 (2020), 153-188</subfield>
    <subfield code="p">Santander estud. patrim.</subfield>
    <subfield code="t">Santander, estudios de patrimonio</subfield>
    <subfield code="x">2605-4450</subfield>
  </datafield>
  <datafield tag="856" ind1="4" ind2=" ">
    <subfield code="s">2781779</subfield>
    <subfield code="u">http://zaguan.unizar.es/record/147270/files/texto_completo.pdf</subfield>
    <subfield code="y">Versión publicada</subfield>
  </datafield>
  <datafield tag="856" ind1="4" ind2=" ">
    <subfield code="s">1655543</subfield>
    <subfield code="u">http://zaguan.unizar.es/record/147270/files/texto_completo.jpg?subformat=icon</subfield>
    <subfield code="x">icon</subfield>
    <subfield code="y">Versión publicada</subfield>
  </datafield>
  <datafield tag="909" ind1="C" ind2="O">
    <subfield code="o">oai:zaguan.unizar.es:147270</subfield>
    <subfield code="p">articulos</subfield>
    <subfield code="p">driver</subfield>
  </datafield>
  <datafield tag="951" ind1=" " ind2=" ">
    <subfield code="a">2024-12-16-11:28:33</subfield>
  </datafield>
  <datafield tag="980" ind1=" " ind2=" ">
    <subfield code="a">ARTICLE</subfield>
  </datafield>
</record>
</collection>